00716nam a2200181 a 450000100100000000500170001000800410002702000150006804000250008308200130010810000360012124501080015726000830026530000210034870000370036995201110040699900170051700004148020201002034928.0131007s1973 sp 001 0 spa d a8400039084 aDO-SdBNPbspacBNPHU axxxbxxx1 aMora Merida, José Luis96816810aHistoria social de Paraguay, 1600-1650 /cJosé Luis Mora Merida; prólogo, D. Luis Navarro García. aSevilla, España :bConsejo Superior de Investigaciones Científicas,c1973. a366 p. ;c25 cm.1 aNavarro García, D. Luis968169 001050718MOaGRbGRcCTd2013-10-07iLF1l0oxxx xxxp41480-10r2020-06-25w2020-06-25y1ZNo se presta c40970d40970